British Authors - Sudden Death - Statistics

General Stats
  • This quiz has been taken 173 times
  • The average score is 8 of 16
Answers on the Grid
Answers color-coded by a green-red scale on the quiz's grid according to % correct below.
A.A. Milne
Agatha Christie
Alexandre Dumas
Beatrix Potter
Bram Stoker
C.S. Lewis
Charles Dickens
Charlotte Bronte
Clive Cussler
Ernest Hemingway
Frank Herbert
Franz Kafka
George Orwell
Ian Fleming
Ian Rankin
Isaac Asimov
J.K. Rowling
James Joyce
Jane Austen
Joseph Heller
Lemony Snicket
Lewis Carroll
Margaret Atwood
Mark Twain
Miguel de Cervantes
Oscar Wilde
Roald Dahl
Tennessee Williams
Thomas Hardy
Victor Hugo
Virginia Woolf
William Shakespeare
 
Answer Stats
Answer % Correct
J.K. Rowling
77%
Ian Fleming
63%
William Shakespeare
63%
Charles Dickens
62%
Jane Austen
58%
Agatha Christie
56%
Lewis Carroll
55%
C.S. Lewis
53%
George Orwell
53%
Charlotte Bronte
52%
Beatrix Potter
44%
Roald Dahl
41%
Virginia Woolf
41%
A.A. Milne
36%
Thomas Hardy
34%
Ian Rankin
16%
No matching quizzes found
Score Distribution
Percent of People with Each Score
Percentile by Number Answered
Your Score History
You have not taken this quiz